01086nam a22002657a 4500999001700000003000900017008004100026040007100067082002100138245006100159260002900220300002800249440006100277505016400338650003300502650002900535650002800564650002600592700003200618700002700650700002600677942001200703945000800715952009700723 c22154d22154AR-CdUCM190429b ||||| |||| 00| 0 spa d aMUNICIPALIDAD PROVINCIAL DEL CUSCOcBIBLIOTECA MUNICIPAL DEL CUSCO aAtuqpa/N°2/2013 aRewista Atuqpa Chupan /cAyllunchikqa sunqu rurunchikpim aLima.bSánchez,c2013. a78 páginas. :c30 cm. aRewista Atuqpa Chupan.nwata 2.yupa 2, 2012-2013.947555 aContenido: Educación Bilingüe intercultural. Gloria Cáceres. -- Mamacha Santa Ana yuyarispa. Máximo Cama Ttito. -- Soi Indio. Landeo Muñoz Pablo. ... aLiteratura cusqueña947540 aLiteratura quechua97789 aInterculturalidad97556 aIdioma quechua927790 aCama Ttito, Máximo947556 aCañari, Hilda947557 aSulca, Antonio947558 2ddccPP arac 002ddc4070aHEMbHEMcCARTd2022-03-15g5.00oAtuqpa/N°2/2013pREVC000655r2022-03-15yPP